[Event "Copenhagen Ch"]
[Site "Copenhagen"]
[Date "2004.10.17"]
[Round "9"]
[White "Paaske, Asger"]
[Black "Lund, Silas"]
[Result "0-1"]
[WhiteElo "2132"]
[BlackElo "2307"]
[PlyCount "76"]
[EventDate "2004.??.??"]
[EventType "swiss"]
[EventRounds "9"]
[EventCountry "DEN"]

1. e4 e5 2. Nf3 Nc6 3. Bb5 Nf6 4. d3 d6 5. c3 Be7 6. Nbd2 O-O 7. Nf1 d5 8. Ng3
dxe4 9. dxe4 Qxd1+ 10. Kxd1 Ng4 11. Ke2 Bd7 12. h3 Nf6 13. Rd1 Rad8 14. Bc4 h6
15. Be3 Bd6 16. Nh4 Kh7 17. Ngf5 g5 18. Nxd6 cxd6 19. Nf3 Nxe4 20. Bd5 f5 21.
Bxe4 fxe4 22. Nd2 d5 23. Nb3 Bc8 24. Rd2 b6 25. Rad1 Ba6+ 26. Ke1 Bd3 27. f3
Bc4 28. Nc1 exf3 29. b3 Ba6 30. Rxd5 Rxd5 31. Rxd5 fxg2 32. Rd7+ Kg6 33. Rd6+
Rf6 34. Rxf6+ Kxf6 35. Kf2 Bf1 36. Ne2 Bxe2 37. Kxe2 Ne7 38. Bf2 Nd5 0-1

[Event "Copenhagen Ch"]
[Site "Copenhagen"]
[Date "2004.10.12"]
[Round "4"]
[White "Paaske, Asger"]
[Black "Madsen, Poul Henrik"]
[Result "1-0"]
[WhiteElo "2132"]
[BlackElo "2098"]
[PlyCount "75"]
[EventDate "2004.??.??"]
[EventType "swiss"]
[EventRounds "9"]
[EventCountry "DEN"]

1. e4 d5 2. exd5 Qxd5 3. Nc3 Qa5 4. d4 c6 5. Bc4 Bf5 6. Bd2 e6 7. Qe2 Bb4 8.
O-O-O b5 9. Bb3 Nf6 10. d5 cxd5 11. Nxd5 Nxd5 12. Bxd5 Bxd2+ 13. Rxd2 O-O 14.
Bxa8 Qxa2 15. Rd1 Qa1+ 16. Kd2 Qxb2 17. Ke1 a5 18. Kf1 Qxc2 19. Qxc2 Bxc2 20.
Rd2 Bb1 21. Ke2 Na6 22. Bc6 b4 23. Nf3 Bg6 24. Ra1 Nc5 25. Nd4 e5 26. Rxa5 Nd3
27. Rxd3 Bxd3+ 28. Kxd3 exd4 29. Kxd4 f5 30. Ra8 Rxa8 31. Bxa8 Kf7 32. Kc4 g5
33. Kxb4 Ke6 34. Kc4 Ke5 35. Kd3 Kf4 36. h3 h5 37. g3+ Ke5 38. Ke3 1-0

[Event "Copenhagen Ch"]
[Site "Copenhagen"]
[Date "2004.10.13"]
[Round "5"]
[White "Paaske, Asger"]
[Black "Aabling Thomsen, Jakob"]
[Result "0-1"]
[WhiteElo "2132"]
[BlackElo "2136"]
[PlyCount "78"]
[EventDate "2004.??.??"]
[EventType "swiss"]
[EventRounds "9"]
[EventCountry "DEN"]

1. e4 g6 2. d4 Bg7 3. Nc3 c5 4. Nf3 cxd4 5. Nxd4 Nc6 6. Be3 Nf6 7. Bc4 O-O 8.
Bb3 a5 9. O-O a4 10. Nxa4 Nxe4 11. Nb5 Ra6 12. c4 d6 13. Qe2 Nf6 14. h3 Be6 15.
Rad1 Ne8 16. Nc5 Ra8 17. Nxe6 fxe6 18. Bg5 Kh8 19. c5 Qa5 20. Bxe6 dxc5 21. Bc4
Nf6 22. Bd2 Qb6 23. Bc3 e5 24. Rd6 Ne8 25. Rd7 Nd4 26. Bxd4 cxd4 27. Bf7 Qc6
28. Bxe8 Raxe8 29. Rc7 Qb6 30. a4 e4 31. Qg4 Rf5 32. Rfc1 d3 33. Kh1 d2 34. Rd1
Qxf2 35. Rxg7 Kxg7 36. Nd6 Qe1+ 37. Kh2 Ref8 38. Nxe4 h5 39. Qg3 Qxd1 0-1

[Event "Copenhagen Ch"]
[Site "Copenhagen"]
[Date "2004.10.17"]
[Round "9"]
[White "Pedersen, Steen"]
[Black "Moller, Arne"]
[Result "1/2-1/2"]
[WhiteElo "1958"]
[BlackElo "1935"]
[PlyCount "25"]
[EventDate "2004.??.??"]
[EventType "swiss"]
[EventRounds "9"]
[EventCountry "DEN"]

1. e4 c5 2. Nf3 d6 3. d4 cxd4 4. Nxd4 Nf6 5. Nc3 a6 6. Bg5 e6 7. f4 Be7 8. Qf3
O-O 9. O-O-O Qc7 10. h4 Nc6 11. Nxc6 Qxc6 12. h5 Re8 13. g4 1/2-1/2

[Event "Copenhagen Ch"]
[Site "Copenhagen"]
[Date "2004.10.11"]
[Round "3"]
[White "Pedersen, Steen"]
[Black "Auchenberg, Per"]
[Result "1/2-1/2"]
[WhiteElo "1958"]
[BlackElo "2088"]
[PlyCount "56"]
[EventDate "2004.??.??"]
[EventType "swiss"]
[EventRounds "9"]
[EventCountry "DEN"]

1. e4 c5 2. Nf3 e6 3. d4 cxd4 4. Nxd4 a6 5. Bd3 Bc5 6. Nb3 Be7 7. Nc3 d6 8. O-O
Nf6 9. Qf3 Nc6 10. Qg3 g6 11. Bh6 Bd7 12. Rfe1 Qc7 13. Kh1 Ne5 14. Rad1 O-O-O
15. a4 Nfg4 16. Bc1 h5 17. Re2 g5 18. f3 h4 19. Qe1 Nh6 20. Qf1 h3 21. g3 g4
22. f4 Nf3 23. Be3 Bc6 24. Qf2 Rdf8 25. Bb6 Qd7 26. Ba5 Kb8 27. Ra1 d5 28. Bb6
dxe4 1/2-1/2

[Event "Copenhagen Ch"]
[Site "Copenhagen"]
[Date "2004.10.09"]
[Round "1"]
[White "Pedersen, Steen"]
[Black "Aabling Thomsen, Jakob"]
[Result "0-1"]
[WhiteElo "1958"]
[BlackElo "2136"]
[PlyCount "20"]
[EventDate "2004.??.??"]
[EventType "swiss"]
[EventRounds "9"]
[EventCountry "DEN"]

1. e4 c5 2. Nf3 Nc6 3. d4 cxd4 4. Nxd4 g6 5. Nc3 Bg7 6. Be3 Nf6 7. Bc4 O-O 8.
f3 Qb6 9. Qd3 Ne5 10. Qe2 Qxb2 0-1

[Event "Copenhagen Ch"]
[Site "Copenhagen"]
[Date "2004.10.14"]
[Round "6"]
[White "Pedersen, Steen"]
[Black "Madsen, Poul Henrik"]
[Result "0-1"]
[WhiteElo "1958"]
[BlackElo "2098"]
[PlyCount "86"]
[EventDate "2004.??.??"]
[EventType "swiss"]
[EventRounds "9"]
[EventCountry "DEN"]

1. e4 d5 2. exd5 Qxd5 3. Nc3 Qd6 4. d4 Nf6 5. Bc4 a6 6. Nf3 Nc6 7. Be3 Bg4 8.
Bb3 e6 9. h3 Bh5 10. Qe2 O-O-O 11. Rd1 Nb4 12. O-O h6 13. a3 Nbd5 14. Nxd5 Nxd5
15. c4 Nf4 16. Bxf4 Qxf4 17. Rd3 g5 18. Qe5 Qxe5 19. Nxe5 c6 20. Ng4 Bg7 21.
Re1 e5 22. d5 Bg6 23. Rd2 h5 24. Ne3 f5 25. Bc2 e4 26. Nd1 Bf6 27. f3 exf3 28.
Re6 Rdf8 29. gxf3 Be8 30. Ree2 Bd7 31. Ne3 f4 32. Nf5 Bxb2 33. Ne7+ Kd8 34. Ng6
Bxa3 35. Nxh8 Rxh8 36. Re5 Bc1 37. Rde2 g4 38. hxg4 hxg4 39. Bf5 gxf3 40. Rf2
Be3 41. Bxd7 Kxd7 42. Re6 a5 43. Kf1 Rh1# 0-1

[Event "Copenhagen Ch"]
[Site "Copenhagen"]
[Date "2004.10.16"]
[Round "8"]
[White "Pedersen, Steen"]
[Black "Andersen, Niels Erik"]
[Result "0-1"]
[WhiteElo "1958"]
[BlackElo "1994"]
[PlyCount "60"]
[EventDate "2004.??.??"]
[EventType "swiss"]
[EventRounds "9"]
[EventCountry "DEN"]

1. e4 c5 2. Nf3 d6 3. d4 cxd4 4. Nxd4 Nf6 5. Nc3 a6 6. Bg5 e6 7. f4 Qc7 8. Qf3
Be7 9. O-O-O b5 10. e5 dxe5 11. fxe5 Bb7 12. Qg3 Nh5 13. Qh4 Bxg5+ 14. Qxg5 g6
15. Ndxb5 axb5 16. Nxb5 Qe7 17. Nd6+ Kf8 18. Qxe7+ Kxe7 19. Nxb7 Nd7 20. a4
Rhb8 21. Nd6 Rxa4 22. Kb1 Rba8 23. c3 Nxe5 24. Be2 Nf4 25. Bf3 Nxf3 26. gxf3
Nd5 27. Ne4 Ra1+ 28. Kc2 Ne3+ 29. Kd2 Nxd1 30. Rxd1 Rd8+ 0-1

[Event "Copenhagen Ch"]
[Site "Copenhagen"]
[Date "2004.10.12"]
[Round "4"]
[White "Petersen, Steen"]
[Black "Pedersen, Steen"]
[Result "1/2-1/2"]
[WhiteElo "2198"]
[BlackElo "1958"]
[PlyCount "48"]
[EventDate "2004.??.??"]
[EventType "swiss"]
[EventRounds "9"]
[EventCountry "DEN"]

1. e4 c5 2. Nf3 Nc6 3. Nc3 Nf6 4. Bb5 d6 5. d4 cxd4 6. Qxd4 Bd7 7. Bxc6 Bxc6 8.
Bg5 Qa5 9. O-O-O Rc8 10. Kb1 Qc5 11. Rhe1 Qxd4 12. Nxd4 h6 13. Bc1 g6 14. f3
Bg7 15. Be3 a6 16. Nb3 Nd7 17. Nd5 Bxd5 18. exd5 Rc4 19. c3 b6 20. Kc2 Bf6 21.
Bd4 Bxd4 22. Nxd4 Nf6 23. b3 Rc7 24. c4 Nxd5 1/2-1/2

[Event "Copenhagen Ch"]
[Site "Copenhagen"]
[Date "2004.10.10"]
[Round "2"]
[White "Petersen, Steen"]
[Black "Christensen, Esben"]
[Result "1/2-1/2"]
[WhiteElo "2198"]
[BlackElo "2108"]
[PlyCount "80"]
[EventDate "2004.??.??"]
[EventType "swiss"]
[EventRounds "9"]
[EventCountry "DEN"]

1. e4 c5 2. Nf3 e6 3. d3 Nc6 4. Nbd2 d5 5. g3 Nf6 6. Bg2 Be7 7. O-O b5 8. e5
Nd7 9. Re1 a5 10. Nf1 O-O 11. h4 Re8 12. N1h2 f6 13. exf6 Bxf6 14. Ng5 Nf8 15.
c4 Nd4 16. cxd5 Bb7 17. dxe6 Bxg2 18. Kxg2 Qd5+ 19. Kg1 Nfxe6 20. Ne4 Rf8 21.
Ng4 Be7 22. f4 Bxh4 23. gxh4 Nxf4 24. Bxf4 Rxf4 25. Rf1 Raf8 26. Ngf6+ R4xf6
27. Nxf6+ gxf6 28. Qg4+ Kh8 29. Qe4 Rg8+ 30. Kh1 Qd7 31. Rf2 Rg4 32. Qa8+ Rg8
33. Qe4 Qh3+ 34. Rh2 Qg3 35. Rf1 Rg4 36. Qe8+ Rg8 37. Qe7 f5 38. Qf6+ Rg7 39.
Qf8+ Rg8 40. Qf6+ Rg7 1/2-1/2

[Event "Copenhagen Ch"]
[Site "Copenhagen"]
[Date "2004.10.14"]
[Round "6"]
[White "Petersen, Steen"]
[Black "Schmidt, Horst Hubert"]
[Result "1/2-1/2"]
[WhiteElo "2198"]
[BlackElo "1910"]
[PlyCount "47"]
[EventDate "2004.??.??"]
[EventType "swiss"]
[EventRounds "9"]
[EventCountry "DEN"]

1. e4 e5 2. Nf3 Nc6 3. d4 exd4 4. Bc4 h6 5. O-O Bc5 6. c3 dxc3 7. Bxf7+ Kxf7 8.
Qd5+ Kf8 9. Qxc5+ d6 10. Qxc3 Qf6 11. Qe3 Be6 12. Bd2 Nge7 13. Bc3 Qf7 14. Nbd2
Kg8 15. a3 Kh7 16. Nd4 Rhf8 17. f4 Rae8 18. f5 Bc8 19. f6 Nd5 20. Qg3 Nxf6 21.
Nxc6 bxc6 22. e5 dxe5 23. Bxe5 Qe7 24. Rae1 1/2-1/2

[Event "Copenhagen Ch"]
[Site "Copenhagen"]
[Date "2004.10.16"]
[Round "8"]
[White "Petersen, Steen"]
[Black "Andersen, Ejnar"]
[Result "1-0"]
[WhiteElo "2198"]
[BlackElo "2048"]
[PlyCount "83"]
[EventDate "2004.??.??"]
[EventType "swiss"]
[EventRounds "9"]
[EventCountry "DEN"]

1. e4 e6 2. d3 c5 3. Nf3 g6 4. c3 Bg7 5. Be3 d6 6. d4 cxd4 7. cxd4 Ne7 8. Nc3
a6 9. Be2 b5 10. a3 Nd7 11. O-O Bb7 12. Qd2 d5 13. e5 Nf5 14. Bg5 f6 15. exf6
Bxf6 16. Rfe1 O-O 17. Bd3 Nxd4 18. Nxd4 Bxg5 19. Qc2 e5 20. Ne6 Qf6 21. Nxf8
Rxf8 22. Rad1 Nb6 23. f3 Nc8 24. Qb3 Ne7 25. Be4 Bh4 26. Re2 Qb6+ 27. Kh1 Kh8
28. Nxd5 Bxd5 29. Bxd5 Nf5 30. Qb4 Be7 31. Qe4 Bf6 32. Ba2 Nd4 33. Red2 Bg7 34.
Rd3 h6 35. h3 Qf6 36. Rc3 Kh7 37. Bb1 Qg5 38. Kh2 h5 39. Rc5 h4 40. Rxd4 Qg3+
41. Kg1 exd4 42. Rh5+ 1-0

[Event "Copenhagen Ch"]
[Site "Copenhagen"]
[Date "2004.10.15"]
[Round "7"]
[White "Sandbech, Ted"]
[Black "Moller, Arne"]
[Result "0-1"]
[WhiteElo "1815"]
[BlackElo "1935"]
[PlyCount "84"]
[EventDate "2004.??.??"]
[EventType "swiss"]
[EventRounds "9"]
[EventCountry "DEN"]

1. Nf3 Nf6 2. d4 e6 3. c4 Be7 4. Nc3 O-O 5. e4 d6 6. Bg5 Nfd7 7. Bxe7 Qxe7 8.
Be2 f5 9. O-O fxe4 10. Nxe4 Nf6 11. Bd3 Nxe4 12. Bxe4 Nd7 13. Qc2 Nf6 14. Bd3
Bd7 15. Rfe1 g6 16. Ng5 Ng4 17. Nf3 Rf4 18. h3 Nh6 19. Re2 Raf8 20. Be4 c6 21.
Rae1 Qf6 22. d5 e5 23. dxc6 bxc6 24. c5 d5 25. Nxe5 Bxh3 26. Bxg6 hxg6 27.
Qxg6+ Qxg6 28. Nxg6 Rg4 29. Nxf8 Rxg2+ 30. Kh1 Ng4 31. f3 Nf2+ 32. Rxf2 Rxf2
33. Ng6 Rxb2 34. Ne7+ Kf7 35. Nxc6 Rxa2 36. Ne5+ Kf6 37. c6 Rc2 38. Nd7+ Kf5
39. Nb8 Kf4 40. Ra1 Kg3 41. Rg1+ Bg2+ 42. Rxg2+ Rxg2 0-1

[Event "Copenhagen Ch"]
[Site "Copenhagen"]
[Date "2004.10.12"]
[Round "4"]
[White "Sandbech, Ted"]
[Black "Christensen, Esben"]
[Result "0-1"]
[WhiteElo "1815"]
[BlackElo "2108"]
[PlyCount "58"]
[EventDate "2004.??.??"]
[EventType "swiss"]
[EventRounds "9"]
[EventCountry "DEN"]

1. Nf3 c5 2. e4 e6 3. c3 Nf6 4. e5 Nd5 5. d4 cxd4 6. cxd4 b6 7. Nc3 Nxc3 8.
bxc3 Qc7 9. Bb2 Bb7 10. Bd3 d6 11. Bb5+ Nd7 12. O-O a6 13. Ba4 b5 14. exd6 Bxd6
15. Bc2 Rc8 16. Rc1 Bf4 17. Nd2 Bxh2+ 18. Kh1 Bf4 19. Qe2 Qd8 20. Nf3 Bxf3 21.
Qxf3 Qh4+ 22. Qh3 Qxh3+ 23. gxh3 Bxc1 24. Rxc1 O-O 25. Ba3 Rfe8 26. Be4 Nf6 27.
Bb7 Rb8 28. Bc6 Rec8 29. Bf3 b4 0-1

[Event "Copenhagen Ch"]
[Site "Copenhagen"]
[Date "2004.10.16"]
[Round "8"]
[White "Sandbech, Ted"]
[Black "Al Saad, Mofid"]
[Result "1-0"]
[WhiteElo "1815"]
[BlackElo "1507"]
[PlyCount "105"]
[EventDate "2004.??.??"]
[EventType "swiss"]
[EventRounds "9"]
[EventCountry "DEN"]

1. Nf3 Nf6 2. d4 g6 3. c4 Bg7 4. Nc3 d6 5. e4 O-O 6. Be2 Na6 7. a3 c5 8. d5 Nc7
9. O-O a6 10. Bg5 h6 11. Bd2 Kh7 12. Qc2 Rb8 13. Bd3 b5 14. cxb5 axb5 15. e5
Nfxd5 16. Nxd5 Nxd5 17. exd6 exd6 18. Be4 Nf6 19. Bc3 Re8 20. Bd3 c4 21. Be2
Bf5 22. Qd1 Ne4 23. Bxg7 Kxg7 24. Nd4 Qf6 25. Nxf5+ Qxf5 26. Bf3 d5 27. Qd4+
Qe5 28. Rad1 Rbd8 29. Rfe1 Qxd4 30. Rxd4 Nc3 31. Kf1 Rxe1+ 32. Kxe1 Re8+ 33.
Kf1 Na4 34. Rd2 Nb6 35. Be2 Rd8 36. Rd4 f5 37. Bd1 Re8 38. Bc2 Kf6 39. f4 g5
40. g3 Rc8 41. Ke2 c3 42. b3 Ke6 43. Rb4 Rc6 44. Rxb5 Nd7 45. a4 Nc5 46. a5 Ne4
47. b4 Rc4 48. a6 gxf4 49. a7 fxg3 50. hxg3 Nxg3+ 51. Kf3 Ne4 52. a8=Q Nd2+ 53.
Ke2 1-0

[Event "Copenhagen Ch"]
[Site "Copenhagen"]
[Date "2004.10.10"]
[Round "2"]
[White "Sandbech, Ted"]
[Black "Andersen, Niels Erik"]
[Result "1-0"]
[WhiteElo "1815"]
[BlackElo "1994"]
[PlyCount "85"]
[EventDate "2004.??.??"]
[EventType "swiss"]
[EventRounds "9"]
[EventCountry "DEN"]

1. Nf3 d5 2. d4 Nf6 3. c4 e6 4. Nc3 c6 5. cxd5 exd5 6. Bg5 Be7 7. e3 Bf5 8. Be2
O-O 9. O-O Nbd7 10. Rc1 Ne4 11. Bxe7 Qxe7 12. Nxe4 dxe4 13. Nd2 Nf6 14. Nc4 Nd5
15. Bg4 Bg6 16. Ne5 f6 17. Nxg6 hxg6 18. Be2 Rad8 19. Bc4 Kf7 20. f4 Rh8 21. f5
g5 22. Qb3 Kf8 23. Bxd5 Rxd5 24. Qa4 Qc7 25. g3 Qb6 26. Qa3+ Kf7 27. Rc5 Rxc5
28. dxc5 Qb5 29. Rd1 Ke7 30. Qc3 Re8 31. Qd4 Kf8 32. b4 Qe2 33. Qd2 Qc4 34. Rc1
Qa6 35. Rd1 Qa3 36. Kh1 a5 37. bxa5 Qxc5 38. g4 Ra8 39. Rb1 Qe7 40. a3 Qxa3 41.
Rxb7 Qxa5 42. Rb8+ Rxb8 43. Qxa5 1-0

[Event "Copenhagen Ch"]
[Site "Copenhagen"]
[Date "2004.10.11"]
[Round "3"]
[White "Schmidt, Horst Hubert"]
[Black "Nielsen, Thomas"]
[Result "1-0"]
[WhiteElo "1910"]
[BlackElo "1994"]
[PlyCount "69"]
[EventDate "2004.??.??"]
[EventType "swiss"]
[EventRounds "9"]
[EventCountry "DEN"]

1. d4 d5 2. Nf3 e6 3. e3 Nf6 4. Bd3 c5 5. c4 Nc6 6. cxd5 exd5 7. dxc5 Bxc5 8.
h3 O-O 9. a3 a5 10. O-O Re8 11. Qc2 Ba7 12. Rd1 h6 13. Nc3 Be6 14. Bb5 Qc7 15.
Bd2 Rac8 16. Rac1 Bb8 17. Qa4 Ne4 18. Ne2 Ng5 19. Ned4 Qd6 20. Bxc6 bxc6 21. h4
Nxf3+ 22. Nxf3 h5 23. Bxa5 Bg4 24. Bb4 Qf6 25. Bc3 Qg6 26. Kf1 Re4 27. Rd4 Bxf3
28. gxf3 Rxd4 29. Qxd4 Re8 30. Ke2 f5 31. Qd3 Qe6 32. Rg1 g6 33. Qd4 Be5 34.
Qxe5 Qxe5 35. Bxe5 1-0

[Event "Copenhagen Ch"]
[Site "Copenhagen"]
[Date "2004.10.09"]
[Round "1"]
[White "Schmidt, Horst Hubert"]
[Black "Nilsson, Nils Specht"]
[Result "1/2-1/2"]
[WhiteElo "1910"]
[BlackElo "2115"]
[PlyCount "77"]
[EventDate "2004.??.??"]
[EventType "swiss"]
[EventRounds "9"]
[EventCountry "DEN"]

1. d4 e6 2. c4 d5 3. cxd5 exd5 4. Nc3 c6 5. Bf4 Ne7 6. Nf3 Ng6 7. Bg5 f6 8. Bd2
Bd6 9. e3 O-O 10. Bd3 Bg4 11. Bxg6 hxg6 12. h3 Bxf3 13. Qxf3 f5 14. h4 Qe7 15.
h5 g5 16. O-O-O Nd7 17. h6 g4 18. Qe2 g6 19. f3 Nf6 20. e4 dxe4 21. fxe4 Nxe4
22. Nxe4 Qxe4 23. h7+ Kh8 24. Qxe4 fxe4 25. Bc3 Rf5 26. Rde1 Rh5 27. Rhf1 Rf8
28. Rxf8+ Bxf8 29. Rxe4 Kxh7 30. Rxg4 Rf5 31. Kc2 Kh6 32. Kd3 Kh5 33. Re4 Rf2
34. g4+ Kg5 35. Bd2+ Kf6 36. Rf4+ Rxf4 37. Bxf4 Ke6 38. Ke4 Bg7 39. b3 1/2-1/2

[Event "Copenhagen Ch"]
[Site "Copenhagen"]
[Date "2004.10.13"]
[Round "5"]
[White "Schmidt, Horst Hubert"]
[Black "Moller, Arne"]
[Result "1/2-1/2"]
[WhiteElo "1910"]
[BlackElo "1935"]
[PlyCount "132"]
[EventDate "2004.??.??"]
[EventType "swiss"]
[EventRounds "9"]
[EventCountry "DEN"]

1. d4 Nf6 2. Nf3 b6 3. c4 Bb7 4. e3 e6 5. Nc3 d5 6. cxd5 exd5 7. Bd3 Nbd7 8.
Bd2 a6 9. Rc1 Bd6 10. O-O O-O 11. Qc2 Re8 12. Ng5 Nf8 13. e4 dxe4 14. Ngxe4
Nxe4 15. Bxe4 Qh4 16. g3 Bxe4 17. gxh4 Bxc2 18. Rxc2 Re6 19. f4 Rg6+ 20. Kh1 f5
21. Nd5 Ne6 22. Bc3 Rg4 23. Ne3 Rxh4 24. Nxf5 Rxf4 25. Rxf4 Bxf4 26. d5 Nc5 27.
Nxg7 Ne4 28. Ne6 Nxc3 29. bxc3 Bd6 30. c4 Kf7 31. a4 Rg8 32. Rf2+ Ke7 33. Re2
Kd7 34. Re4 c6 35. Rh4 Bc5 36. Nxc5+ bxc5 37. Rxh7+ Kd6 38. Rh6+ Ke5 39. Rxc6
Kd4 40. d6 Kxc4 41. d7 Rd8 42. Rc7 Kd4 43. h4 c4 44. h5 Kd3 45. h6 c3 46. h7
Kd2 47. Rc8 c2 48. Kg2 c1=Q 49. Rxc1 Kxc1 50. Kf3 Kb2 51. Ke4 Kb3 52. Ke5 Kxa4
53. Ke6 Rh8 54. Kf6 a5 55. Kg7 Rd8 56. h8=Q Rxd7+ 57. Kf6 Rb7 58. Ke6 Rb4 59.
Kd5 Kb3 60. Kc5 Ka2 61. Qc3 Ra4 62. Kb5 Ra3 63. Qc2+ Ka1 64. Kc4 a4 65. Kb4
Rb3+ 66. Kxa4 Rb4+ 1/2-1/2

[Event "Copenhagen Ch"]
[Site "Copenhagen"]
[Date "2004.10.15"]
[Round "7"]
[White "Schmidt, Horst Hubert"]
[Black "Joensen, Hjalmar"]
[Result "1-0"]
[WhiteElo "1910"]
[BlackElo "1388"]
[PlyCount "69"]
[EventDate "2004.??.??"]
[EventType "swiss"]
[EventRounds "9"]
[EventCountry "DEN"]

1. e4 c5 2. c3 d6 3. Nf3 g6 4. Be2 Bg7 5. O-O Nf6 6. Na3 O-O 7. e5 dxe5 8. Nxe5
Nfd7 9. Nec4 a6 10. d4 b5 11. Bf3 Ra7 12. Ne3 cxd4 13. cxd4 Nb6 14. Nac2 Rd7
15. d5 Bb7 16. Qe2 Nxd5 17. Nxd5 Bxd5 18. Bxd5 Rxd5 19. Ne3 Rd3 20. Ng4 h5 21.
Ne5 Rd6 22. Nf3 Re6 23. Be3 Bf6 24. Rfd1 Qa5 25. Qc2 Qb4 26. Rab1 Rc6 27. Qe2
Rfc8 28. a3 Rc2 29. Qxc2 Rxc2 30. axb4 Nc6 31. Rdc1 Nxb4 32. Rxc2 Nxc2 33. Bg5
Bxg5 34. Nxg5 Nd4 35. Ra1 1-0

[Event "Copenhagen Ch"]
[Site "Copenhagen"]
[Date "2004.10.16"]
[Round "8"]
[White "Schmidt, Horst Hubert"]
[Black "Thestrup, Sixten"]
[Result "1-0"]
[WhiteElo "1910"]
[BlackElo "1906"]
[PlyCount "45"]
[EventDate "2004.??.??"]
[EventType "swiss"]
[EventRounds "9"]
[EventCountry "DEN"]

1. d4 g6 2. c4 d6 3. Nf3 Bg7 4. Nc3 f5 5. e3 Nf6 6. Bd3 O-O 7. O-O c6 8. Qb3 h6
9. e4 fxe4 10. Nxe4 g5 11. Ng3 Bg4 12. c5+ Kh8 13. Nd2 Nd5 14. Bc2 Qc7 15. Qd3
Nf6 16. h3 Bc8 17. Nh5 Kg8 18. Nxg7 Kxg7 19. Qg6+ Kh8 20. Qxh6+ Kg8 21. Qxg5+
Kh8 22. Qh6+ Kg8 23. Ne4 1-0

[Event "Copenhagen Ch"]
[Site "Copenhagen"]
[Date "2004.10.13"]
[Round "5"]
[White "Skovgaard, Peter Nicolai"]
[Black "Nilsson, Nils Specht"]
[Result "1-0"]
[WhiteElo "2137"]
[BlackElo "2115"]
[PlyCount "93"]
[EventDate "2004.??.??"]
[EventType "swiss"]
[EventRounds "9"]
[EventCountry "DEN"]

1. e4 c5 2. Nc3 Nc6 3. Nge2 Nd4 4. d3 g6 5. Be3 Bg7 6. Qd2 b6 7. Bxd4 cxd4 8.
Nb5 e5 9. Nd6+ Kf8 10. Qb4 Qe7 11. c3 Nf6 12. Rc1 Ne8 13. Nxc8 Rxc8 14. Qxe7+
Kxe7 15. cxd4 Rxc1+ 16. Nxc1 exd4 17. g3 d5 18. f4 dxe4 19. dxe4 Nf6 20. Bg2 h5
21. Kd2 h4 22. Ne2 Ng4 23. Rc1 hxg3 24. hxg3 Kd8 25. e5 Ne3 26. Bb7 Rh2 27. Kd3
Nf5 28. Rc8+ Kd7 29. Rg8 Ke7 30. g4 Ne3 31. Nxd4 Nxg4 32. Nc6+ Kd7 33. Rxg7 Nh6
34. Nd4 Ke7 35. Rh7 Kf8 36. Rh8+ Kg7 37. Ra8 a5 38. Bd5 Rxb2 39. Ra7 Kf8 40. e6
fxe6 41. Nxe6+ Kg8 42. Ng5+ Kf8 43. Rh7 Nf5 44. Rf7+ Ke8 45. Bc6+ Kd8 46. Ne6+
Kc8 47. Rf8# 1-0

[Event "Copenhagen Ch"]
[Site "Copenhagen"]
[Date "2004.10.11"]
[Round "3"]
[White "Skovgaard, Peter Nicolai"]
[Black "Paaske, Asger"]
[Result "1-0"]
[WhiteElo "2137"]
[BlackElo "2132"]
[PlyCount "57"]
[EventDate "2004.??.??"]
[EventType "swiss"]
[EventRounds "9"]
[EventCountry "DEN"]

1. e4 c5 2. Nf3 Nc6 3. Nc3 Nf6 4. Bb5 Qc7 5. O-O Nd4 6. Re1 a6 7. Bc4 b5 8. e5
bxc4 9. exf6 e6 10. Nxd4 cxd4 11. Qg4 Bb7 12. Ne4 O-O-O 13. d3 gxf6 14. Nxf6
Be7 15. Qxd4 Qc6 16. Ne4 f5 17. Qg7 fxe4 18. Qxe7 exd3 19. f3 Rhg8 20. Re4 Qc7
21. Bf4 Qb6+ 22. Be3 Qb5 23. a4 Qxb2 24. Rxc4+ Bc6 25. Bd4 Qb7 26. cxd3 Kb8 27.
Rb4 Bb5 28. Qd6+ Ka8 29. axb5 1-0

[Event "Copenhagen Ch"]
[Site "Copenhagen"]
[Date "2004.10.15"]
[Round "7"]
[White "Skovgaard, Peter Nicolai"]
[Black "Christensen, Esben"]
[Result "1/2-1/2"]
[WhiteElo "2137"]
[BlackElo "2108"]
[PlyCount "82"]
[EventDate "2004.??.??"]
[EventType "swiss"]
[EventRounds "9"]
[EventCountry "DEN"]

1. e4 c5 2. Nf3 e6 3. d4 cxd4 4. Nxd4 Nf6 5. Nc3 d6 6. Be3 a6 7. f3 Qc7 8. g4
b5 9. Qd2 Bb7 10. O-O-O Nc6 11. Nxc6 Qxc6 12. g5 Nd7 13. h4 Rc8 14. Ne2 Ne5 15.
Nd4 Qc7 16. Be2 d5 17. Bf4 Nc4 18. Bxc7 Nxd2 19. Bf4 Nc4 20. exd5 Bxd5 21. Rhe1
Bb4 22. Bxc4 Rxc4 23. c3 Bxf3 24. Rd3 Bh5 25. Kd2 Ba5 26. Be5 O-O 27. b3 Rcc8
28. Ra1 Bg6 29. Re3 Rfd8 30. b4 Bb6 31. a4 Rd5 32. axb5 axb5 33. Ra6 Bxd4 34.
Bxd4 Rcd8 35. Ke2 h6 36. gxh6 gxh6 37. Rb6 Kh7 38. Rb7 Bh5+ 39. Ke1 Kg6 40. Re5
Bf3 41. Rxb5 f6 1/2-1/2

[Event "Copenhagen Ch"]
[Site "Copenhagen"]
[Date "2004.10.09"]
[Round "1"]
[White "Skovgaard, Peter Nicolai"]
[Black "Nielsen, Thomas"]
[Result "1-0"]
[WhiteElo "2137"]
[BlackElo "1994"]
[PlyCount "41"]
[EventDate "2004.??.??"]
[EventType "swiss"]
[EventRounds "9"]
[EventCountry "DEN"]

1. e4 c6 2. d4 d5 3. f3 dxe4 4. fxe4 e6 5. Nf3 Nd7 6. Nc3 Be7 7. Be3 Ngf6 8.
Qd2 b6 9. O-O-O Bb7 10. h3 Bb4 11. Bd3 Qe7 12. a3 Bxc3 13. Qxc3 c5 14. Bg5 Bxe4
15. Bb5 O-O 16. Bxd7 Qxd7 17. dxc5 Qe7 18. Ne5 Bd5 19. Ng4 Ne4 20. Bxe7 Nxc3
21. bxc3 1-0

[Event "Copenhagen Ch"]
[Site "Copenhagen"]
[Date "2004.10.17"]
[Round "9"]
[White "Thestrup, Sixten"]
[Black "Madhy, Nezar"]
[Result "1-0"]
[WhiteElo "1906"]
[BlackElo "1640"]
[PlyCount "73"]
[EventDate "2004.??.??"]
[EventType "swiss"]
[EventRounds "9"]
[EventCountry "DEN"]

1. e4 c5 2. Nc3 g6 3. f4 d6 4. Nf3 Bg7 5. Bb5+ Bd7 6. Bxd7+ Nxd7 7. O-O e6 8.
d3 Qb6 9. f5 Ne7 10. fxe6 fxe6 11. Ng5 d5 12. exd5 Bxc3 13. bxc3 Nxd5 14. c4
Nc7 15. Bf4 O-O 16. Qg4 Nf6 17. Qh3 Rae8 18. Bxc7 Qxc7 19. Nxe6 Qe5 20. Nxf8
Qd4+ 21. Kh1 Rxf8 22. Qe6+ Kg7 23. Rab1 b6 24. Qe7+ Rf7 25. Qe2 Rf8 26. Qf2 Qd6
27. Qf4 Qd8 28. Rbe1 Qd7 29. Qe5 Qc6 30. Qe6 Qa4 31. Qd6 Qxc2 32. Re7+ Kh6 33.
Qf4+ g5 34. Qxf6+ Rxf6 35. Rxf6+ Kh5 36. Rxh7+ Kg4 37. h3+ 1-0

[Event "Copenhagen Ch"]
[Site "Copenhagen"]
[Date "2004.10.11"]
[Round "3"]
[White "Thestrup, Sixten"]
[Black "Hansen, Alexei"]
[Result "1/2-1/2"]
[WhiteElo "1906"]
[BlackElo "2047"]
[PlyCount "29"]
[EventDate "2004.??.??"]
[EventType "swiss"]
[EventRounds "9"]
[EventCountry "DEN"]

1. e4 c5 2. Nc3 Nc6 3. f4 g6 4. Nf3 Bg7 5. Bb5 Nd4 6. Bd3 e6 7. O-O Ne7 8. Nxd4
cxd4 9. Ne2 O-O 10. c3 Nc6 11. Kh1 e5 12. cxd4 Nxd4 13. Nxd4 exd4 14. b3 d5 15.
e5 1/2-1/2

[Event "Copenhagen Ch"]
[Site "Copenhagen"]
[Date "2004.10.13"]
[Round "5"]
[White "Thestrup, Sixten"]
[Black "Petersen, Steen"]
[Result "1/2-1/2"]
[WhiteElo "1906"]
[BlackElo "2198"]
[PlyCount "71"]
[EventDate "2004.??.??"]
[EventType "swiss"]
[EventRounds "9"]
[EventCountry "DEN"]

1. e4 e5 2. Nf3 Nc6 3. Bb5 a6 4. Bxc6 dxc6 5. O-O Qd6 6. Na3 b5 7. d4 exd4 8.
Nxd4 c5 9. Ne2 Qxd1 10. Rxd1 Bd7 11. c3 O-O-O 12. Bf4 Ne7 13. Nc2 Ng6 14. Bg3
Be7 15. Ne3 Bc6 16. f3 Rhe8 17. Bf2 Ne5 18. Nf4 Bf8 19. Nfd5 Rd7 20. Bg3 f6 21.
Kf1 Nf7 22. Bf4 Red8 23. Ke2 Kb7 24. h3 Bxd5 25. Nxd5 Bd6 26. Bxd6 Rxd6 27. Ne3
g6 28. Rxd6 Nxd6 29. Rd1 Re8 30. Kf2 Kc6 31. b3 Re5 32. Rd5 Re8 33. Rd1 Re6 34.
Rd2 Nf7 35. Rd1 Nd6 36. Rd2 1/2-1/2